Fundamentos de la Fe para el 5° y 6° año de humanidades

Saved in:
Bibliographic Details
Main Author: Rodríguez, Roberto
Format: Book
Published: Talca Escuela Tipográfica del Salvador 1919
Textbook Catalogue:MANES:  Library Catalog Search Result
Textbook Classification:
Tags: Add Tag
No Tags, Be the first to tag this record!
Added to:1999-11-29
Changed in:2025-04-25

MARC

LEADER 00000nam a22000007a 4500
005 20250425101437.0
008 spa
040 |a MGM 
100 |9 22937  |a Rodríguez, Roberto 
245 |a Fundamentos de la Fe para el 5° y 6° año de humanidades 
260 |a Talca  |b Escuela Tipográfica del Salvador  |c 1919 
300 |a 90 p.  |c 10 x 15 cm. 
500 |a La tapa del libro no es legible. Al final del libro hay un dibujo hecho por su el dueño del ejemplar. Ubicación local: T 200 R696f 5° 6°H 
546 |a Chile 
561 |5 cl-MGM  |3 T 200 R696f 5° 6°H  |a Chile. Museo Gabriela Mistral  |k MANES 
690 |a RyM 
691 |a SE 
942 |2 ddc  |c BK 
999 |c 53316  |d 53316 
999 |c manes:53316  |d 53316